[Event "IMSA Blitz Men 2019"]
[Site "Hengshui"]
[Date "2019.05.17"]
[Round "5.2"]
[White "Le, Quang Liem"]
[Black "Fedoseev, Vladimir"]
[Result "1/2-1/2"]
[WhiteElo "2704"]
[BlackElo "2683"]
[Annotator "RC"]
[PlyCount "217"]
[EventDate "2019.05.17"]
[EventType "blitz"]
[EventCountry "CHN"]
[SourceTitle "playchess.com"]
[Source "ChessBase"]
[SourceQuality "1"]
[TimeControl "180+2"]

1. Nf3 {[%emt 0:00:00]} Nf6 {[%emt 0:00:00]} 2. c4 {[%emt 0:00:00]} e6 {[%emt 0:00:00]} 3. b3 {[%emt 0:00:02]} b6 {[%emt 0:00:01]} 4. g3 {[%emt 0:00:03]} Bb7 {[%emt 0:00:01]} 5. Bg2 {[%emt 0:00:01]} Be7 {[%emt 0:00:01]} 6. Bb2 {[%emt 0:00:01]} O-O {[%emt 0:00:02]} 7. O-O {[%emt 0:00:01]} Na6 {[%emt 0:00:17]} 8. d4 {[%emt 0:00:04]} d5 {[%emt 0:00:11]} 9. Ne5 {[%emt 0:00:15]} Nd7 {[%emt 0:00:17]} 10. cxd5 {[%emt 0:00:20]} exd5 {[%emt 0:00:12]} 11. Nc3 {[%emt 0:00:10]} Nxe5 {[%emt 0:00:05]} 12. dxe5 {[%emt 0:00:02]} c6 {[%emt 0:00:01]} 13. Qc2 {[%emt 0:00:34]} Qc7 {[%emt 0:00:23]} 14. Rad1 {[%emt 0:00:02]} Rad8 {[%emt 0:00:06]} 15. a3 {[%emt 0:00:19]} d4 {[%emt 0:00:08]} 16. Nb5 {[%emt 0:00:06]} cxb5 {[%emt 0:00:10]} 17. Qxc7 {[%emt 0:00:01]} Nxc7 {[%emt 0:00:06]} 18. Bxb7 {[%emt 0:00:01]} Ne6 {[%emt 0:00:02]} 19. Be4 {[%emt 0:00:15]} b4 {[%emt 0:00:03]} 20. a4 {[%emt 0:00:05]} Bc5 {[%emt 0:00:36]} 21. Bd3 {[%emt 0:00:06]} Nc7 {[%emt 0:00:06]} 22. Bc4 {[%emt 0:00:08]} Rfe8 {[%emt 0:00:04]} 23. Rd2 {[%emt 0:00:15]} a6 {[%emt 0:00:27]} 24. Kg2 {[%emt 0:00:01]} b5 {[%emt 0:00:07]} 25. axb5 {[%emt 0:00:01]} axb5 {[%emt 0:00:00]} 26. Bd3 {[%emt 0:00:01]} Rxe5 {[%emt 0:00:01]} 27. Rc1 {[%emt 0:00:02]} Bb6 {[%emt 0:00:06]} 28. Rc6 {[%emt 0:00:06]} Re6 {[%emt 0:00:03]} 29. Rdc2 {[%emt 0:00:02]} Nd5 {[%emt 0:00:09]} 30. Rxe6 {[%emt 0:00:01]} fxe6 {[%emt 0:00:01]} 31. Rc6 {[%emt 0:00:00]} Kf7 {[%emt 0:00:03]} 32. Bxb5 {[%emt 0:00:01]} Ke7 {[%emt 0:00:01]} 33. Bc4 {[%emt 0:00:04]} Rd6 {[%emt 0:00:02]} 34. Bxd5 {[%emt 0:00:01]} exd5 {[%emt 0:00:01]} 35. Rxd6 {[%emt 0:00:11]} Kxd6 {[%emt 0:00:01]} 36. Kf1 {[%emt 0:00:01]} g5 {[%emt 0:00:05]} 37. Ke1 {[%emt 0:00:05]} g4 {[%emt 0:00:06]} 38. Kd2 {[%emt 0:00:01]} d3 {[%emt 0:00:06]} 39. e3 {[%emt 0:00:01]} Ke6 {[%emt 0:00:03]} 40. Kxd3 {[%emt 0:00:01]} Bc7 {[%emt 0:00:01]} 41. Bd4 {[%emt 0:00:05]} Bd6 {[%emt 0:00:01]} 42. e4 {[%emt 0:00:00]} h5 {[%emt 0:00:02]} 43. Ke3 {[%emt 0:00:02]} Bf8 {[%emt 0:00:01]} 44. f4 {[%emt 0:00:03]} gxf3 {[%emt 0:00:03]} 45. Kxf3 {[%emt 0:00:01]} Bd6 {[%emt 0:00:02]} 46. Be3 {[%emt 0:00:05]} Be7 {[%emt 0:00:02]} 47. h3 {[%emt 0:00:03]} Ke5 {[%emt 0:00:00]} 48. exd5 {[%emt 0:00:09]} Kxd5 {[%emt 0:00:01]} 49. Bf2 {[%emt 0:00:07]} Ke5 {[%emt 0:00:03]} 50. Ke3 {[%emt 0:00:02]} Bc5+ {[%emt 0:00:05]} 51. Kf3 {[%emt 0:00:01]} Be7 {[%emt 0:00:00]} 52. Ba7 {[%emt 0:00:07]} Bf8 {[%emt 0:00:03]} 53. Ke3 {[%emt 0:00:02]} Bd6 {[%emt 0:00:03]} 54. Kd3 {[%emt 0:00:03]} Kd5 {[%emt 0:00:01]} 55. g4 {[%emt 0:00:03]} hxg4 {[%emt 0:00:02]} 56. hxg4 {[%emt 0:00:00]} Be7 {[%emt 0:00:02]} 57. Be3 {[%emt 0:00:03]} Bd6 {[%emt 0:00:00]} 58. Bd4 {[%emt 0:00:07]} Be7 {[%emt 0:00:02]} 59. Bg7 {[%emt 0:00:01]} Bd6 {[%emt 0:00:06]} 60. g5 {[%emt 0:00:03]} Ke6 {[%emt 0:00:02]} 61. Ke4 {[%emt 0:00:00]} Be7 {[%emt 0:00:01]} 62. g6 {[%emt 0:00:03]} Bd6 {[%emt 0:00:01]} 63. Bd4 {[%emt 0:00:01]} Be7 {[%emt 0:00:02]} 64. g7 {[%emt 0:00:03]} Kf7 {[%emt 0:00:00]} 65. Kd5 {[%emt 0:00:01]} Bg5 {[%emt 0:00:02]} 66. Kd6 {[%emt 0:00:07]} Bd2 {[%emt 0:00:02]} 67. Kc5 {[%emt 0:00:02]} Bc3 {[%emt 0:00:04]} 68. Kc4 {[%emt 0:00:02]} Be1 {[%emt 0:00:01]} 69. Kd3 {[%emt 0:00:08]} Bg3 {[%emt 0:00:02]} 70. Ke4 {[%emt 0:00:02]} Be1 {[%emt 0:00:01]} 71. Be5 {[%emt 0:00:04]} Bd2 {[%emt 0:00:03]} 72. Kd3 {[%emt 0:00:04]} Be1 {[%emt 0:00:01]} 73. Kc4 {[%emt 0:00:01]} Bd2 {[%emt 0:00:02]} 74. Bd6 {[%emt 0:00:05]} Kxg7 {[%emt 0:00:01]} 75. Bxb4 {[%emt 0:00:01]} Bf4 {[%emt 0:00:01]} 76. Bc5 {[%emt 0:00:07]} Kf7 {[%emt 0:00:02]} 77. Kd5 {[%emt 0:00:00]} Ke8 {[%emt 0:00:03]} 78. Kc6 {[%emt 0:00:01]} Kd8 {[%emt 0:00:00]} 79. b4 {[%emt 0:00:01]} Kc8 {[%emt 0:00:03]} 80. Bd6 {[%emt 0:00:03]} Bd2 {[%emt 0:00:03]} 81. b5 {[%emt 0:00:01]} Ba5 {[%emt 0:00:01]} 82. Be5 {[%emt 0:00:01]} Bd8 {[%emt 0:00:02]} 83. Bf4 {[%emt 0:00:02]} Ba5 {[%emt 0:00:01]} 84. Bg3 {[%emt 0:00:04]} Bd8 {[%emt 0:00:01]} 85. Bf2 {[%emt 0:00:02]} Bc7 {[%emt 0:00:01]} 86. Ba7 {[%emt 0:00:02]} Bd8 {[%emt 0:00:03]} 87. Bb6 {[%emt 0:00:01]} Bf6 {[%emt 0:00:02]} 88. Bc7 {[%emt 0:00:01]} Bd4 {[%emt 0:00:02]} 89. Bd6 {[%emt 0:00:01]} Be3 {[%emt 0:00:03]} 90. Bc7 {[%emt 0:00:02]} Bd4 {[%emt 0:00:04]} 91. Bb6 {[%emt 0:00:03]} Bf6 {[%emt 0:00:04]} 92. Ba7 {[%emt 0:00:04]} Bd8 {[%emt 0:00:01]} 93. Bd4 {[%emt 0:00:04]} Bc7 {[%emt 0:00:02]} 94. Bb6 {[%emt 0:00:02]} Be5 {[%emt 0:00:03]} 95. Ba5 {[%emt 0:00:01]} Bd4 {[%emt 0:00:01]} 96. Bc7 {[%emt 0:00:01]} Be3 {[%emt 0:00:02]} 97. Bd6 {[%emt 0:00:02]} Bd4 {[%emt 0:00:04]} 98. Bf4 {[%emt 0:00:03]} Bf2 {[%emt 0:00:02]} 99. Bc7 {[%emt 0:00:03]} Be3 {[%emt 0:00:03]} 100. Bb6 {[%emt 0:00:02]} Bg5 {[%emt 0:00:01]} 101. Bd4 {[%emt 0:00:02]} Bd8 {[%emt 0:00:02]} 102. Bc3 {[%emt 0:00:03]} Bc7 {[%emt 0:00:02]} 103. Bf6 {[%emt 0:00:01]} Ba5 {[%emt 0:00:01]} 104. Be7 {[%emt 0:00:01]} Bc7 {[%emt 0:00:03]} 105. Bc5 {[%emt 0:00:02]} Bd8 {[%emt 0:00:02]} 106. Bb6 {[%emt 0:00:03]} Bf6 {[%emt 0:00:03]} 107. Ba7 {[%emt 0:00:02]} Bd8 {[%emt 0:00:02]} 108. b6 {[%emt 0:00:01]} Bxb6 {[%emt 0:00:00]} 109. Bxb6 1/2-1/2

[Event "IMSA Blitz Men 2019"]
[Site "Hengshui"]
[Date "2019.05.17"]
[Round "5.2"]
[White "Jones, Gawain C B"]
[Black "Ponomariov, Ruslan"]
[Result "0-1"]
[WhiteElo "2702"]
[BlackElo "2675"]
[Annotator "TA"]
[PlyCount "134"]
[EventDate "2019.05.17"]
[EventType "blitz"]
[EventCountry "CHN"]
[SourceTitle "playchess.com"]
[Source "ChessBase"]
[SourceQuality "1"]

{[%evp 15,134,9,14,0,0,0,0,0,0,0,0,0,0,0,0,0,65,58,70,69,63,50,69,60,68,41,74,62,83,84,84,79,84,83,96,81,121,96,90,48,49,45,54,19,20,0,0,0,0,-21,-26,-137,50,12,531,513,461,-309,-281,-29980,-29980,-29980,-29981,-29978,0,0,0,0,0,-3,0,-13,-13,-227,-138,-193,-195,-216,-202,-220,-200,-219,-68,-68,-68,-72,-72,-75,-75,-95,-46,-47,-33,-33,-33,-33,-27,-416,-416,-416,-416,-835,-748,-550,-512,-416,-178,-29983,-29984,-29984,-29985,-29985,-29986,-29986,-29987,-29987,-29988,-29988,-29989,-29991,-29992]} 1. e4 e5 2. d4 exd4 3. Nf3 Nc6 4. Bc4 Bc5 5. c3 Nf6 6. e5 d5 7. Bb5 Ne4 8. cxd4 Bb6 9. Nc3 {C54: Giuoco Piano: 4 c3 Nf6, main lines with 5 d4 and 5 d3} Bg4 (9... O-O 10. Be3 Ba5 11. Qb3 Bxc3+ 12. bxc3 Na5 13. Qb4 b6 14. O-O Bf5 15. Rfc1 Rc8 16. Ba6 Rb8 17. Bd3 Re8 {½-½ (32) Karjakin,S (2753)-Topalov,V (2740) Shamkir 2019}) 10. Be3 O-O 11. h3 {The position is equal.} Bh5 12. Qc2 Ba5 13. Bxc6 bxc6 14. O-O Bxc3 15. bxc3 f6 $146 (15... Bxf3 $11 16. gxf3 Ng5) ({Predecessor:} 15... Bxf3 16. gxf3 Ng5 17. f4 Nf3+ {1-0 (39) Kollars,D (2562)-Holm,K (2468) chess.com INT 2019}) 16. Nd2 $14 Bg6 17. Nxe4 Bxe4 18. Qa4 Qd7 19. Bf4 g5 20. Bg3 fxe5 21. dxe5 Rf7 22. f3 Bf5 23. Qd4 a6 24. Rae1 Qe6 25. Rf2 Rb8 26. a4 Rb3 27. h4 h6 28. Rd2 Rg7 29. hxg5 hxg5 30. Rc1 g4 31. f4 Qe7 32. Qa7 Qa3 33. Qa8+ {[#]} (33. Re1 $1 $11 Rxc3 34. Bh4) 33... Kf7 $2 ({Black should try} 33... Kh7 $1 $17 {[%mdl 512]} 34. Rdd1 Rb2) 34. Re1 (34. e6+ $5 Bxe6 35. Re1 $14) 34... Rxc3 $2 {[%mdl 8192] [#]} (34... Rg6 $1 $11 {and Black has nothing to worry.}) 35. e6+ $1 $18 {[%mdl 512]} Bxe6 36. Bf2 $4 {[%mdl 8192]} (36. f5 $1 $18 {[%cal Rf5e6] is the narrow road to win.} Rxg3 37. fxe6+ Ke7 38. Qh8 (38. Qxc6 Qd6 $14)) 36... g3 37. Bd4 $2 (37. f5 $19 Rc1 38. fxe6+ Ke7 39. Qa7 gxf2+ 40. Qxf2 Rxe1+ 41. Qxe1) 37... Rc1 $1 {[%cal Rc1e1]} 38. Rdd1 Rxd1 ({Wrong is} 38... Qd3 $2 39. Qa7 $1 $18 {[%mdl 512]} (39. Rxd3 $2 {gets mated.} Rxe1#) (39. Rxc1 $2 {leads to mate.} Qxd4+ {[%mdl 64] Double Attack} 40. Re3 Qxe3+ {[%mdl 64] Double Attack} 41. Kh1 Qxc1#)) 39. Rxd1 Rg8 $2 (39... Qxa4 {mates} 40. Rd2 {[#]} Qc4 $1 {[%mdl 512]} 41. Rd1 Qe2 42. Rb1 Bh3 $1 {[%mdl 512]} 43. Qf8+ {[%mdl 64] Decoy} Kxf8 44. Bc5+ Re7 $1 {[%mdl 512]} 45. Rb8+ Kf7 46. Rf8+ Kxf8 47. Bxe7+ Kxe7 48. gxh3 Qh2+ {[%mdl 64] Double Attack} 49. Kf1 Qf2#) 40. Qxc6 $11 Qd6 $40 {[%mdl 128] Black mounts an attack.} 41. Qc2 Ke8 42. Re1 {Strongly threatening f5.} Kd7 43. Qh7+ Kc8 44. f5 $2 {[#]} (44. Rf1 $11) 44... Qf4 $1 {[%mdl 64] Double Attack} 45. Be3 Qxf5 46. Qh6 Kd7 47. Bd4 Rg4 48. Qh8 Re4 $2 (48... Bg8 $19 49. Bc5 Qg5) 49. Qg7+ $15 Qf7 {[%cal Re4e1]} 50. Rxe4 Qxg7 51. Bxg7 dxe4 {[%mdl 4096] Endgame KB-KB} 52. Be5 e3 53. Bxg3 Bg4 54. Bf4 $1 e2 55. Kf2 c5 56. Be3 $2 {[%mdl 8192]} (56. Bd2 $11) 56... Kc6 $19 57. Ke1 Kd5 {aiming for ...c4.} 58. Kd2 (58. Bc1 $142 Kc4 59. Ba3) 58... Kc4 59. Bf2 Kb4 {White must now prevent ...c4.} 60. a5 c4 {...c3+ is the strong threat.} 61. Bb6 $2 (61. Be1 $19) 61... c3+ {Black mates.} 62. Ke1 Kb3 63. Be3 c2 64. Bc1 Ka2 65. Kd2 Kb1 66. Ba3 Bh5 67. g3 Bg4 {[%mdl 64] Decoy. Accuracy: White = 44%, Black = 62%.} 0-1

[Event "IMSA Blitz Men 2019"]
[Site "Hengshui"]
[Date "2019.05.17"]
[Round "5.2"]
[White "Korobov, Anton"]
[Black "Bu, Xiangzhi"]
[Result "0-1"]
[WhiteElo "2687"]
[BlackElo "2729"]
[Annotator "ChessBase"]
[PlyCount "58"]
[EventDate "2019.05.17"]
[EventType "blitz"]
[EventCountry "CHN"]
[SourceTitle "playchess.com"]
[Source "ChessBase"]
[SourceQuality "1"]
[TimeControl "180+2"]

1. d4 {[%emt 0:00:00]} d5 {[%emt 0:00:00]} 2. c4 {[%emt 0:00:00]} c6 {[%emt 0:00:00]} 3. Nc3 {[%emt 0:00:01]} Nf6 {[%emt 0:00:00]} 4. e3 {[%emt 0:00:01]} e6 {[%emt 0:00:01]} 5. Nf3 {[%emt 0:00:02]} a6 {[%emt 0:00:00]} 6. Qc2 {[%emt 0:00:12]} c5 {[%emt 0:00:02]} 7. a3 {[%emt 0:00:21]} dxc4 {[%emt 0:00:10]} 8. Bxc4 {[%emt 0:00:05]} b5 {[%emt 0:00:05]} 9. Ba2 {[%emt 0:00:05]} Bb7 {[%emt 0:00:01]} 10. dxc5 {[%emt 0:00:07]} Bxc5 {[%emt 0:00:08]} 11. Nxb5 {[%emt 0:00:15]} Nbd7 {[%emt 0:00:01]} 12. Nc3 {[%emt 0:00:06]} O-O {[%emt 0:00:13]} 13. Bd2 {[%emt 0:00:22]} Rc8 {[%emt 0:00:05]} 14. O-O-O {[%emt 0:00:09]} Qe7 {[%emt 0:00:15]} 15. Kb1 {[%emt 0:00:07]} Bxa3 {[%emt 0:00:12]} 16. Ka1 {[%emt 0:00:48]} Bb4 {[%emt 0:00:06]} 17. Nd4 {[%emt 0:00:01]} a5 {[%emt 0:00:14]} 18. f3 {[%emt 0:00:04]} Nb6 {[%emt 0:00:02]} 19. e4 {[%emt 0:00:02]} Nc4 {[%emt 0:00:04]} 20. Bc1 {[%emt 0:00:08]} Rfd8 {[%emt 0:00:03]} 21. Ndb5 {[%emt 0:00:04]} Ba6 {[%emt 0:00:02]} 22. Rxd8+ {[%emt 0:00:03]} Qxd8 {[%emt 0:00:01]} 23. Rd1 {[%emt 0:00:03]} Qb6 {[%emt 0:00:05]} 24. Qa4 {[%emt 0:00:06]} Ne3 {[%emt 0:00:07]} 25. Rd3 {[%emt 0:00:12]} Nxg2 {[%emt 0:00:20]} 26. Bg5 {[%emt 0:00:01]} Ne1 {[%emt 0:00:19]} 27. Be3 {[%emt 0:00:03]} Qc6 {[%emt 0:00:12]} 28. Rd1 {[%emt 0:00:05]} Bxb5 {[%emt 0:00:01]} 29. Nxb5 {[%emt 0:00:04]} Nc2+ {[%emt 0:00:01]} 0-1

[Event "IMSA Blitz Men 2019"]
[Site "Hengshui"]
[Date "2019.05.17"]
[Round "5.2"]
[White "Leko, Peter"]
[Black "Rapport, Richard"]
[Result "1/2-1/2"]
[WhiteElo "2674"]
[BlackElo "2736"]
[Annotator "TA"]
[PlyCount "60"]
[EventDate "2019.05.17"]
[EventType "blitz"]
[EventCountry "CHN"]
[SourceTitle "playchess.com"]
[Source "ChessBase"]
[SourceQuality "1"]

{[%evp 24,60,0,-2,0,0,0,0,10,0,0,0,0,-11,0,0,0,0,0,0,0,0,0,0,0,0,0,0,0,0,0,0,0,0,0,0,0,0,0]} 1. d4 d5 2. c4 c6 3. cxd5 cxd5 4. Nc3 Nf6 5. Nf3 Nc6 6. Bf4 Bf5 7. e3 e6 8. Bd3 Bxd3 9. Qxd3 Bd6 10. Bxd6 Qxd6 11. O-O O-O 12. Rac1 Rfc8 13. h3 {The position is equal.} Ne7 {D14: Slav Defence: Exchange variation with ...Bf5} (13... h6 14. Nd2 Nd7 15. a3 Nb6 16. Qb5 Qd8 17. Na4 Nxa4 18. Qxa4 Qa5 19. Qd1 Ne7 20. Qe2 Qa4 21. Qd3 {½-½ (37) Li,C (2755)-Carlsen,M (2851) Stavanger 2016}) 14. Rc2 $146 ({Predecessor:} 14. Ne5 Ne8 15. Ne2 f6 16. Nf3 Rxc1 17. Rxc1 Rc8 18. Rxc8 Nxc8 19. Nc3 Nc7 20. e4 dxe4 21. Nxe4 Qc6 22. Qc3 Qxc3 {½-½ (22) Hakobyan,A (2422)-Grigoryan,K (2571) Yerevan 2017}) 14... Qd8 15. Rfc1 h6 16. Ne2 {[%cal Bc3e2,Be2c1,Bc1d3][%mdl 32]} Rxc2 17. Rxc2 Rc8 18. Nc1 (18. Ne5 {is interesting.} Nd7 19. Nxd7 Qxd7 20. Nf4 Rxc2 21. Qxc2 g5 22. Nd3) 18... Rxc2 (18... Ne4 {keeps more tension.} 19. h4 Nf5 20. g3 g5 21. hxg5 hxg5 22. Nd2 Nfd6) 19. Qxc2 Qc8 20. Qxc8+ Nxc8 $11 {[%mdl 4096] Endgame KNN-KNN} 21. Nd3 Nd6 22. Kf1 Kf8 23. Ke2 Ke7 24. g4 g5 25. Nd2 Nd7 26. f3 Nb8 27. Nb1 Nd7 28. Nd2 Nb8 29. Nb1 Nd7 30. Nd2 Nb8 {Accuracy: White = 77%, Black = 72%.} 1/2-1/2

[Event "IMSA Blitz Men 2019"]
[Site "Hengshui"]
[Date "2019.05.17"]
[Round "5.2"]
[White "Cheparinov, Ivan"]
[Black "Gelfand, Boris"]
[Result "1/2-1/2"]
[WhiteElo "2667"]
[BlackElo "2676"]
[Annotator "RC"]
[PlyCount "137"]
[EventDate "2019.05.17"]
[EventType "blitz"]
[EventCountry "CHN"]
[SourceTitle "playchess.com"]
[Source "ChessBase"]
[SourceQuality "1"]
[TimeControl "180+2"]

1. d4 {[%emt 0:00:00]} Nf6 {[%emt 0:00:00]} 2. c4 {[%emt 0:00:00]} e6 {[%emt 0:00:00]} 3. Nf3 {[%emt 0:00:00]} d5 {[%emt 0:00:00]} 4. g3 {[%emt 0:00:02]} Bb4+ {[%emt 0:00:01]} 5. Bd2 {[%emt 0:00:01]} Be7 {[%emt 0:00:01]} 6. Bg2 {[%emt 0:00:01]} O-O {[%emt 0:00:01]} 7. O-O {[%emt 0:00:01]} c6 {[%emt 0:00:01]} 8. Qc2 {[%emt 0:00:03]} Nbd7 {[%emt 0:00:02]} 9. Rd1 {[%emt 0:00:05]} b6 {[%emt 0:00:02]} 10. b3 {[%emt 0:00:02]} Bb7 {[%emt 0:00:01]} 11. Nc3 {[%emt 0:00:03]} Ba6 {[%emt 0:00:01]} 12. e4 {[%emt 0:00:37]} dxc4 {[%emt 0:00:02]} 13. Bf4 {[%emt 0:00:03]} b5 {[%emt 0:00:12]} 14. bxc4 {[%emt 0:00:04]} bxc4 {[%emt 0:00:01]} 15. h3 {[%emt 0:00:19]} Qa5 {[%emt 0:00:12]} 16. Bd2 {[%emt 0:00:04]} Qc7 {[%emt 0:00:08]} 17. Re1 {[%emt 0:00:09]} Rfe8 {[%emt 0:00:08]} 18. Rac1 {[%emt 0:00:10]} e5 {[%emt 0:00:36]} 19. dxe5 {[%emt 0:00:09]} Nxe5 {[%emt 0:00:01]} 20. Nxe5 {[%emt 0:00:02]} Qxe5 {[%emt 0:00:00]} 21. Bf4 {[%emt 0:00:01]} Qa5 {[%emt 0:00:03]} 22. e5 {[%emt 0:00:32]} Nd5 {[%emt 0:00:02]} 23. Nxd5 {[%emt 0:00:06]} cxd5 {[%emt 0:00:01]} 24. e6 {[%emt 0:00:09]} f6 {[%emt 0:00:32]} 25. Qf5 {[%emt 0:00:10]} Rad8 {[%emt 0:00:06]} 26. Red1 {[%emt 0:00:17]} Bb7 {[%emt 0:00:02]} 27. h4 {[%emt 0:00:23]} g6 {[%emt 0:00:15]} 28. Qc2 {[%emt 0:00:02]} Qa6 {[%emt 0:00:01]} 29. h5 {[%emt 0:00:03]} g5 {[%emt 0:00:14]} 30. Be3 {[%emt 0:00:14]} Qxe6 {[%emt 0:00:06]} 31. Bxa7 {[%emt 0:00:01]} Qf7 {[%emt 0:00:11]} 32. Rb1 {[%emt 0:00:05]} Ba8 {[%emt 0:00:01]} 33. Bb6 {[%emt 0:00:03]} Rb8 {[%emt 0:00:10]} 34. Qf5 {[%emt 0:00:02]} Qxh5 {[%emt 0:00:10]} 35. Bxd5+ {[%emt 0:00:03]} Bxd5 {[%emt 0:00:01]} 36. Qxd5+ {[%emt 0:00:01]} Qf7 {[%emt 0:00:00]} 37. Qxf7+ {[%emt 0:00:04]} Kxf7 38. a4 c3 {[%emt 0:00:13]} 39. Rdc1 {[%emt 0:00:01]} Rec8 {[%emt 0:00:00]} 40. a5 {[%emt 0:00:02]} Ba3 {[%emt 0:00:08]} 41. Rc2 {[%emt 0:00:01]} Bb2 {[%emt 0:00:01]} 42. Rd1 {[%emt 0:00:03]} Rc6 {[%emt 0:00:09]} 43. Kg2 {[%emt 0:00:02]} h5 {[%emt 0:00:02]} 44. Rd5 {[%emt 0:00:02]} Kg6 {[%emt 0:00:08]} 45. Rb5 {[%emt 0:00:01]} g4 {[%emt 0:00:07]} 46. Rd5 {[%emt 0:00:02]} Rbxb6 {[%emt 0:00:06]} 47. axb6 {[%emt 0:00:01]} Rxb6 {[%emt 0:00:00]} 48. Rc5 {[%emt 0:00:02]} Re6 {[%emt 0:00:02]} 49. R5xc3 {[%emt 0:00:01]} Bxc3 {[%emt 0:00:00]} 50. Rxc3 {[%emt 0:00:01]} Re5 {[%emt 0:00:02]} 51. Ra3 {[%emt 0:00:01]} f5 {[%emt 0:00:02]} 52. Ra6+ {[%emt 0:00:01]} Kg5 {[%emt 0:00:01]} 53. Ra8 {[%emt 0:00:02]} Re6 {[%emt 0:00:04]} 54. Ra5 {[%emt 0:00:02]} Rf6 {[%emt 0:00:01]} 55. Ra8 {[%emt 0:00:03]} Rg6 {[%emt 0:00:02]} 56. Ra5 {[%emt 0:00:02]} Rf6 {[%emt 0:00:01]} 57. Ra8 {[%emt 0:00:01]} f4 {[%emt 0:00:01]} 58. gxf4+ {[%emt 0:00:06]} Rxf4 {[%emt 0:00:02]} 59. Ra5+ {[%emt 0:00:02]} Kg6 {[%emt 0:00:04]} 60. Ra6+ {[%emt 0:00:01]} Kg5 {[%emt 0:00:02]} 61. Ra5+ {[%emt 0:00:01]} Kh4 {[%emt 0:00:02]} 62. Rb5 {[%emt 0:00:02]} Ra4 {[%emt 0:00:01]} 63. Rc5 {[%emt 0:00:01]} Ra2 {[%emt 0:00:03]} 64. Rb5 {[%emt 0:00:01]} Rc2 {[%emt 0:00:01]} 65. Ra5 {[%emt 0:00:00]} Rb2 {[%emt 0:00:01]} 66. Rc5 {[%emt 0:00:01]} Ra2 {[%emt 0:00:01]} 67. Rb5 {[%emt 0:00:01]} Rc2 {[%emt 0:00:01]} 68. Ra5 {[%emt 0:00:00]} Rb2 {[%emt 0:00:01]} 69. Rc5 {[%emt 0:00:01]} 1/2-1/2

[Event "IMSA Blitz Men 2019"]
[Site "Hengshui"]
[Date "2019.05.17"]
[Round "5.2"]
[White "Mamedov, Rauf"]
[Black "Wang, Hao"]
[Result "1/2-1/2"]
[WhiteElo "2650"]
[BlackElo "2735"]
[Annotator "TA"]
[PlyCount "171"]
[EventDate "2019.05.17"]
[EventType "blitz"]
[EventCountry "CHN"]
[SourceTitle "playchess.com"]
[Source "ChessBase"]
[SourceQuality "1"]

{[%evp 18,171,41,10,40,20,31,24,50,56,38,-9,-34,-56,-52,-43,0,0,108,82,110,37,177,-89,-34,-130,-122,-162,-161,-157,-145,-130,-136,-241,-259,-259,-112,-237,-224,-291,-279,-297,-263,-259,75,49,77,106,95,85,52,-81,93,111,95,-32,0,-78,0,0,0,0,158,149,272,266,228,166,295,117,121,113,113,0,15,14,14,17,17,13,22,14,20,15,16,11,23,17,21,18,18,19,44,43,56,45,56,38,162,88,83,70,70,70,70,70,70,70,64,69,90,32,27,0,75,37,54,52,54,54,53,53,36,35,57,57,47,29,25,0,0,0,0,0,0,0,0,0,0,0,0,0,0,0,0,0,0,0,0,0,0,0,0,0,0,0]} 1. e4 c5 2. Nf3 d6 3. Nc3 a6 4. g3 Nf6 5. Bg2 Nc6 6. O-O e6 7. d4 cxd4 8. Nxd4 Bd7 9. Nb3 Be7 10. a4 b6 {B80: Sicilian Scheveningen: 6 g3 and 6 Be3, including English Attack} (10... Na5 11. h3 O-O 12. g4 h6 13. f4 Nxb3 14. cxb3 Nh7 15. Be3 a5 16. Qd2 Bc6 17. Rad1 e5 18. f5 Bg5 19. Bxg5 hxg5 {1-0 (58) Onischuk,V (2601)-Zvjaginsev,V (2679) Tallinn 2016}) 11. g4 O-O 12. f4 Rc8 {White has an edge.} 13. g5 Ne8 14. Qh5 $146 ({Predecessor:} 14. h4 Nb4 15. Rf2 Qc7 16. Be3 d5 17. exd5 exd5 18. Nxd5 Nxd5 19. Qxd5 {1-0 (38) Berescu,A (2432)-Ilic,S (2216) Kavala 2002}) 14... Nb4 15. Rf2 g6 $1 {[%cal Rg6h5]} 16. Qd1 Ng7 17. Be3 a5 (17... d5 $11) 18. Nb5 $1 $16 d5 19. c3 (19. Rd2 $1 $16) 19... Nc6 (19... Na6 $14) 20. f5 $2 (20. Rd2 $18) 20... exf5 ({Black should try} 20... gxf5 $17 21. exd5 Ne5) 21. exd5 (21. Qxd5 $15 Be6 22. Qxd8 Rfxd8 23. N5d4) 21... Ne5 $17 22. Qd4 Ng4 23. Qxb6 Nxe3 ({Weaker is} 23... Nxf2 24. Qxd8 Bxd8 25. Kxf2 $11) 24. Qxe3 Bxg5 25. Qd4 (25. Qd3 $17 {was called for.}) 25... Re8 $1 $19 26. Rf3 Nh5 (26... Re2 $19 27. Rb1 Nh5) 27. Kh1 (27. Nd6 $17) 27... Re4 28. Qa7 Nf4 29. Nc5 Nxg2 (29... Nxd5 30. Qxd7 (30. Nxd7 Re7 $17) 30... Rxc5 31. Qxd8+ Bxd8 32. Rd3 $14) 30. Qxd7 Nh4 $2 (30... Rxc5 $19 31. Qxd8+ Bxd8 32. Kxg2 Rxd5) 31. Qxd8+ $16 Bxd8 32. Nxe4 Nxf3 33. Ned6 Rb8 34. c4 (34. Nc4 $14 {stays ahead.}) 34... Nd2 $2 (34... Bb6 $1 $17 {stays on course.} 35. Kg2 Ne5) 35. Rd1 $1 {[%cal Rd1d2]} Nb3 {[#]} 36. Re1 (36. Na7 $1 $16) 36... Bb6 37. Ne8 (37. Re7 $11 {keeps the balance.}) 37... Kf8 (37... Nc5 $17) 38. Nf6 $1 $11 {[%cal Rf6d7]} Rd8 $1 39. d6 Nc5 $2 ({Better is} 39... Kg7 $11 40. Ne8+ Kh6) 40. Nd5 $16 Ba7 (40... Rb8 $16 {keeps fighting.}) 41. Nxa7 $18 {Strongly threatening Nb5.} Rxd6 42. Nb5 Rc6 (42... Re6 $142 43. Rb1 Nb3) 43. Nbc3 $2 (43. Nd4 $18 {is more deadly.} Rc8 44. b3) 43... Nd3 $16 44. Re2 Rxc4 45. Nf6 (45. Rd2 $16 Ne1 46. b3) 45... Kg7 46. Ne8+ Kf8 $1 47. Nd6 Rb4 48. Re8+ Kg7 49. Re7 Rxb2 50. Rxf7+ Kh6 $1 51. Rd7 Ne5 {( -> ...Nf3)} 52. Nf7+ Nxf7 53. Rxf7 $11 {[%mdl 4096] Endgame KRN-KR} Rc2 54. Rc7 Rc1+ 55. Kg2 Rc2+ 56. Kg3 g5 57. Nd5 f4+ {[#]} (57... Ra2 $14) 58. Kh3 ({White should play} 58. Kg4 $1 $18 Rxc7 59. Nxc7) 58... Ra2 59. Rc6+ Kh5 {[%csl Gh5][%cal Rg5g4]} 60. Nf6+ {[%mdl 64] Double Attack} Kg6 {Black wants to play ...Kf5.} 61. Kg4 {Hoping for Ne4+.} Rg2+ $1 62. Kf3 Ra2 63. Ng4+ Kg7 64. Rc7+ (64. Ke4 $16) 64... Kg6 $14 65. Rc6+ Kg7 66. h4 Ra3+ 67. Ke4 {aiming for Rc7+.} Rxa4+ 68. Kf5 {Black must now prevent Rc7+.} gxh4 69. Rc7+ Kf8 $1 70. Nf6 {White wants to mate with Ke6.} Rb4 71. Nxh7+ Ke8 72. Nf6+ Kd8 73. Rc3 a4 {The position is equal.} 74. Ne4 Rb3 {And now ...Rxc3 would win.} 75. Rc1 f3 76. Kf4 a3 77. Ra1 h3 78. Nf2 h2 79. Kg3 Rb2 80. Kxh2 Rxf2+ $11 {KR-KR} 81. Kg3 Rb2 {...f2 is the strong threat.} 82. Rxa3 f2 83. Kg2 Kd7 84. Rf3 Ke6 85. Rxf2 Rxf2+ 86. Kxf2 {Accuracy: White = 45%, Black = 41%.} 1/2-1/2